Программнно-целевой подход для анализа иерархий; Кибернетика и вуз; Вып. 29

Bibliografiske detaljer
Parent link:Кибернетика и вуз: межвузовский научно-технический сборник/ Томский политехнический институт.— , 1969-
Вып. 29.— 1999.— С. 112-126
Hovedforfatter: Яворский В. В.
Sprog:russisk
Udgivet: 1999
Fag:
Format: MixedMaterials Book Chapter
KOHA link:https://koha.lib.tpu.ru/cgi-bin/koha/opac-detail.pl?biblionumber=197526

MARC

LEADER 00000naa2a2200000 4500
001 197526
005 20231031183509.0
035 |a (RuTPU)RU\TPU\book\215460 
035 |a RU\TPU\book\215458 
090 |a 197526 
100 |a 20110614d1999 k y0rusy50 ca 
101 0 |a rus 
102 |a RU 
200 1 |a Программнно-целевой подход для анализа иерархий  |f В. В. Яворский 
320 |a Библиогр.: 3 назв. 
461 1 |0 (RuTPU)RU\TPU\book\139782  |t Кибернетика и вуз  |o межвузовский научно-технический сборник  |f Томский политехнический институт  |d 1969- 
463 1 |0 (RuTPU)RU\TPU\book\13445  |t Вып. 29  |f под ред. В. З. Ямпольского  |v С. 112-126  |d 1999  |p 271 с. 
610 1 |a труды учёных ТПУ 
700 1 |a Яворский  |b В. В. 
801 1 |a RU  |b 63413507  |c 20101206 
801 2 |a RU  |b 63413507  |c 20111229  |g RCR 
942 |c BK